Catalog

Record Details

Catalog Search



Headwind  Cover Image Book Book

Headwind / John Nance.

Nance, John J. (Author).

Summary:

A former President of the United States becomes the target of an international manhunt, and his only chance for survival is for airline pilot Captain Craig Dayton to stay in the air and on the run.

Record details

  • ISBN: 0515132624
  • ISBN: 9780515132625
  • Physical Description: xii, 432 pages ; 18 cm
  • Edition: Jove ed.
  • Publisher: New York, N.Y. : Jove Books, 2002.

Content descriptions

General Note:
Previously published: New York : Putnam's, 2001.
Subject: Ex-presidents > United States > Fiction.
Air pilots > Fiction.
Genre: Political fiction.

LDR 01240nam a2200337Ia 4500
001153924
003CONS
00520200318084313.0
008020308r20022001nyu 000 1 eng d
020 . ‡a0515132624 ‡q(hardcover)
020 . ‡a9780515132625 ‡q(hardcover)
035 . ‡a(CPomAG)LMN617663
043 . ‡an-us---
05014. ‡aPS3564.A546 ‡bH4*
082 4. ‡a813
1001 . ‡aNance, John J.
24510. ‡aHeadwind / ‡cJohn Nance.
250 . ‡aJove ed.
260 . ‡aNew York, N.Y. : ‡bJove Books, ‡c2002.
300 . ‡axii, 432 pages ; ‡c18 cm
336 . ‡atext ‡btxt ‡2rdacontent
337 . ‡aunmediated ‡bn ‡2rdamedia
338 . ‡avolume ‡bnc ‡2rdacarrier
500 . ‡aPreviously published: New York : Putnam's, 2001.
520 . ‡aA former President of the United States becomes the target of an international manhunt, and his only chance for survival is for airline pilot Captain Craig Dayton to stay in the air and on the run.
650 0. ‡aEx-presidents ‡zUnited States ‡vFiction.
650 0. ‡aAir pilots ‡vFiction.
655 7. ‡aPolitical fiction. ‡2lcgft
914 . ‡aSCP_LP
959 . ‡i32269001150336 ‡lF Nan ‡aAdult - Fiction ‡tPaperback ‡g15.00
852 . ‡p32269001150336 ‡jF Nan ‡gAdult - Fiction ‡cPaperback ‡y15.00 ‡bSBPL
901 . ‡a153924 ‡bUnknown ‡c153924 ‡tbiblio

Additional Resources